000
00210nam a2200109Ia 4500
100
_a
DRUCKER/PETER.
942
_c
BK
245
_a
TIME MANAGEMENT METHODS.
260
_b
#N/A
546
_a
ENGLISH
999
_c
28598
_d
28598